Variable Geometry Turbine Technology for Marine Gas Turbines (Record no. 3190)

000 -LEADER
fixed length control field 02412nam a22004095i 4500
007 - PHYSICAL DESCRIPTION FIXED FIELD--GENERAL INFORMATION
fixed length control field cr nn 008mamaa
008 - FIXED-LENGTH DATA ELEMENTS--GENERAL INFORMATION
fixed length control field 221028s2023 si | s |||| 0|eng d
020 ## - INTERNATIONAL STANDARD BOOK NUMBER
International Standard Book Number 9789811969522
-- 978-981-19-6952-2
040 ## - CATALOGING SOURCE
Original cataloging agency IMU Kochi Library
Language of cataloging eng
041 0# - LANGUAGE CODE
Language code of text/sound track or separate title eng
082 04 - DEWEY DECIMAL CLASSIFICATION NUMBER
Classification number 623.8
Edition number 23
100 1# - MAIN ENTRY--PERSONAL NAME
Personal name Gao, Jie.
245 10 - TITLE STATEMENT
Title Variable Geometry Turbine Technology for Marine Gas Turbines
Medium [electronic resource] /
250 ## - EDITION STATEMENT
Edition statement 1st ed. 2023.
300 ## - PHYSICAL DESCRIPTION
Extent XIV, 217 p. 203 illus., 58 illus. in color.
Other physical details online resource.
505 0# - FORMATTED CONTENTS NOTE
Formatted contents note Chapter 1. Introduction -- Chapter 2. Flow Mechanisms and Characteristics for Variable Geometry Turbine -- Chapter 3. Aerodynamic Design Method for Variable Geometry Turbine -- Chapter 4. Variable Vane Turning Design Method for Variable Geometry Turbine -- Chapter 5. Structural Design Technology of Variable Vane System for Variable Geometry Turbine -- Chapter 6. Aerodynamic Characteristics and Reliability Test Technology for Variable Geometry Turbine.
520 ## - SUMMARY, ETC.
Summary, etc This book starts from the design requirements of variable geometry turbines for marine gas turbines. It systematically and comprehensively introduces the flow mechanism and characteristics of variable geometry turbines, aerodynamic design methods, variable vane turning design methods, structural design technology of the variable vane system, aerodynamic characteristics and reliability test technology for variable geometry turbines, and so on.
650 #0 - SUBJECT ADDED ENTRY--TOPICAL TERM
Topical term or geographic name as entry element Marine engineering.
650 #0 - SUBJECT ADDED ENTRY--TOPICAL TERM
Topical term or geographic name as entry element Machinery.
650 14 - SUBJECT ADDED ENTRY--TOPICAL TERM
Topical term or geographic name as entry element Marine Engineering.
650 24 - SUBJECT ADDED ENTRY--TOPICAL TERM
Topical term or geographic name as entry element Machinery and Machine Elements.
700 1# - ADDED ENTRY--PERSONAL NAME
Personal name Zheng, Qun.
Relator term
Relator code aut
-- http://id.loc.gov/vocabulary/relators/aut
700 1# - ADDED ENTRY--PERSONAL NAME
Personal name Lin, Feng.
Relator term
Relator code aut
-- http://id.loc.gov/vocabulary/relators/aut
700 1# - ADDED ENTRY--PERSONAL NAME
Personal name Liang, Chen.
Relator term
Relator code aut
-- http://id.loc.gov/vocabulary/relators/aut
700 1# - ADDED ENTRY--PERSONAL NAME
Personal name Liu, Yu.
Relator term
Relator code aut
-- http://id.loc.gov/vocabulary/relators/aut
852 ## - LOCATION/CALL NUMBER
Location IMU Kochi Library
856 40 - ELECTRONIC LOCATION AND ACCESS
Uniform Resource Identifier <a href="https://doi.org/10.1007/978-981-19-6952-2">https://doi.org/10.1007/978-981-19-6952-2</a>
904 ## - LOCAL DATA ELEMENT D, LDD (RLIN)
CATALOGER Rudra Ranjan
905 ## - LOCAL DATA ELEMENT E, LDE (RLIN)
VERIFIER Rudra Ranjan
942 ## - ADDED ENTRY ELEMENTS (KOHA)
Item type E-Book
264 #1 -
-- Singapore :
-- Springer Nature Singapore :
-- Imprint: Springer,
-- 2023.
338 ## -
-- online resource

No items available.



Copyright © All Rights Reserved by Indian Maritime University, Kochi Campus.
For any Suggestions/Query Contact to library or Email: library.kochi@imu.ac.in Ph:(0484)-2989402
(Web OPAC Designed by Rudra Ranjan. Maintained by IMU Kochi Library)

Powered by Koha